| 000 | 01096cam a2200313 i 4500 | ||
|---|---|---|---|
| 999 |
_c35074 _d35074 |
||
| 001 | 17788682 | ||
| 003 | OSt | ||
| 005 | 20200220153045.0 | ||
| 008 | 130620s2014 nyub 000 0 eng c | ||
| 010 | _a 2013022390 | ||
| 020 | _a9789385269592 | ||
| 020 | _a 9780199322237 (hardback : alkaline paper) | ||
| 040 |
_aICU/DLC _beng _cICU _erda _dDLC |
||
| 042 | _apcc | ||
| 043 | _aa-pk--- | ||
| 050 | 0 | 0 |
_aDS383.5.A2 _bP385 2014 |
| 082 | 0 | 0 |
_a954.9105 _223 _bPAU/Y |
| 100 |
_aPaul, T V _eauthor. _91772 |
||
| 245 | 1 | 4 |
_aYudharashtram : Samakalika lokathe Pakistan = The warrior state : _bPakistan in the contemporary world / _cT. V. Paul. |
| 264 | 1 |
_aNew York : _bOxford University Press, _c[2014] |
|
| 300 | _a282 pages : | ||
| 650 | 0 |
_aGeopolitics _zPakistan. |
|
| 650 | 0 |
_aNational security _zPakistan. |
|
| 650 | 0 |
_aWar _xEconomic aspects. |
|
| 650 | 0 |
_aEconomic development _zPakistan. |
|
| 651 | 0 |
_aPakistan _xPolitics and government. |
|
| 942 |
_2ddc _cBK _h954.9105 _iPAU/Y _k954.9105 _mPAU/Y |
||